000 00636nam a22002297a 4500
003 UA-OsUOA
001 31712
007 ta
008 20050111b un ||||| |||| 00| 0 ukr d
090 _a94(430)"192/199"
_bК82
942 _cBK
040 _aUA-OsUOA
_brus
_cUA-OsUOA
_dUA-OsUOA
245 _aКритика западногерманского "остфоршунга"
_cРед. Х.Бартель Р.Гогуэль Я. С.Драбкин
300 _a276 с.
955 _a0
041 _arus
080 _a94(430)"192/199"
260 _aМосква
_bНаука
_c1966
044 _aRU
650 7 _2UDC
999 _c318142
_d318142